| 000 | 00623nam a2200229 a 4500 | ||
|---|---|---|---|
| 008 | |||
| 020 | _a0263062961 (pbk.) | ||
| 049 | _aMAIN | ||
| 090 |
_aQD151.2 _bLIP |
||
| 100 | 1 | _aLiptrot G. F. | |
| 245 | 1 | 0 |
_aModern inorganic chemistry / _cG.F. Liptrot. |
| 260 |
_aLondon : _bMills & Boon, _c1971. |
||
| 300 |
_axv, 469 p. : _b ill. ; _c24 cm. |
||
| 500 | _aIncludes index. | ||
| 650 | _aInorganic chemistrty. | ||
| 650 | 1 | _aChemistry. | |
| 907 |
_a.b10179318 _b12-05-09 _c15-10-05 |
||
| 003 | |||
| 005 | 20230123134159.0 | ||
| 040 | _cNUST | ||
| 942 |
_cBOOKS _kQD151.2 _mLIP |
||
| 999 |
_c161439 _d161439 |
||